Flagi powiatów w Podkarpackiem - Statystyki

Ogólne statystyki
  • Ten quiz został rozwiązany 38 razy
  • Średni wynik to 12 z 25
Statystyki odpowiedzi
Obrazkowy Odpowiedź % Poprawnych
Rzeszów
93%
Przemyśl
77%
Tarnobrzeg
60%
Ropczycko-sędziszowski
57%
Łańcucki
53%
Mielecki
53%
Przeworski
53%
Rzeszowski
53%
Przemyski
50%
Jarosławski
47%
Brzozowski
43%
Jasielski
43%
Krośnieński
43%
Krosno
43%
Leżajski
43%
Lubaczowski
43%
Sanocki
43%
Stalowowolski
43%
Strzyżowski
43%
Tarnobrzeski
43%
Bieszczadzki
40%
Leski
37%
Niżański
37%
Dębicki
33%
Kolbuszowski
33%
Nie znaleziono quizów pasujących do podanych kryteriów
Rozkład punktacji
Procent ludzi z każdym wynikiem
Percentyl według liczby udzielonych odpowiedzi
Twoja historia wyników
Nie rozwiązałeś tego quizu